[Event "Cairo Al Ain op"]
[Site "Cairo"]
[Date "2023.11.30"]
[Round "6"]
[White "Abbas, Ahmed"]
[Black "M Amer, Hossam"]
[Result "1/2-1/2"]
[WhiteElo "1902"]
[BlackElo "2060"]
[PlyCount "39"]
[EventDate "2023.11.27"]
[EventType "swiss"]
[EventRounds "10"]
[EventCountry "EGY"]
[SourceTitle "CB49_2023"]
[SourceDate "2023.12.06"]
[SourceVersion "1"]
[SourceVersionDate "2023.12.06"]
[SourceQuality "1"]

1. e4 c6 2. d4 d5 3. exd5 cxd5 4. Bd3 Nc6 5. c3 Qc7 6. Nf3 Bg4 7. h3 Bh5 8. 0-0 e6 9. Re1 Nf6 10. Nbd2 Be7 11. Nf1 a6 12. Bg5 Bg6 13. Bh4 Bxd3 14. Qxd3 Ne4 15. Bxe7 Qxe7 16. Re2 0-0 17. Ne3 Qd6 18. Ng4 Na5 19. b3 b5 20. Qe3 1/2-1/2

[Event "FICGS class C 000136 email"]
[Site "FICGS email"]
[Date "2010.01.30"]
[Round "1"]
[White "Abbas, Ahmed"]
[Black "Piantadosi, Angelo"]
[Result "0-1"]
[WhiteElo "1800"]
[BlackElo "1771"]
[PlyCount "50"]
[EventDate "2010.??.??"]
[EventType "tourn (corr)"]
[EventRounds "5"]
[SourceTitle "Corr 2013"]
[Source "ChessBase"]
[SourceDate "2012.11.12"]
[SourceVersion "1"]
[SourceVersionDate "2012.11.12"]
[SourceQuality "1"]

1. e4 Nf6 2. e5 Nd5 3. d4 d6 4. Nf3 e6 5. Bc4 Nb6 6. Bb3 Nc6 7. c3 dxe5 8. Nxe5 Nxe5 9. dxe5 Qxd1+ 10. Bxd1 Bd7 11. Bf3 0-0-0 12. Bg5 Re8 13. Nd2 Be7 14. Bxe7 Rxe7 15. Nb3 Nc4 16. Nc5 Nxe5 17. Bxb7+ Kb8 18. 0-0-0 Bb5 19. Ba6 Bxa6 20. Nxa6+ Kb7 21. Nc5+ Kc6 22. b4 a5 23. Nb3 axb4 24. f4 Ng4 25. Nd4+ Kb6 0-1